Statistics for United Kingdom Geography by Letter P - Picture Quiz

Click here to take the quiz!

General Stats

  • This quiz has been taken 297 times
    (211 since last reset)
  • The average score is 9 of 15

Answer Stats

Answer% Correct
St. {Pauls} Cathedral
95%
{Piccadilly} Circus
94%
Portsmouth
88%
{Peak} District
84%
St. {Peter} Port
72%
{Plymouth} Sound
71%
Pennines
69%
Penzance
66%
{Pitcairn} Island
55%
Pembrokeshire
52%
Royal {Pavilion}
52%
Blue {Planet}
41%
{Port} {Stanley}
21%
Portstewart
18%
{Pendine} Sands
10%

Score Distribution

Percentile by Number Answered

Percent of People with Each Score

Your Score History

You have not taken this quiz since the last reset